| 000 | 00727nam a2200217Ii 4500 | ||
|---|---|---|---|
| 003 | JO-AjNU | ||
| 008 | 230605s9999||||xx |||||||||||||| ||und|| | ||
| 040 |
_aJO-AjNU _bara _erda _cJO-AjNU |
||
| 041 | _aara | ||
| 050 | 1 | 4 | _aBP80.S5445.H576.1980 |
| 100 | 3 |
_aهيتو،محمد حسن, _eauthor _910688 |
|
| 245 | 0 | 0 | _aالإمام الشيرازي حياته وآراؤه الأصولية |
| 250 | _aط1 | ||
| 264 | 3 | 1 | _aدمشق:دار الفكر ،1980 |
| 300 | _a317ص | ||
| 336 |
_atext _btxt _2rdacontent |
||
| 337 |
_aunmediated _bn _2rdamedia |
||
| 338 |
_avolume _bnc _2rdacarrier |
||
| 490 | 0 | _aسلسلة الكتب والدراسات الأصولية3 | |
| 650 | 4 |
_aتراجم-الامام الشيرازي _910689 |
|
| 999 |
_aA1934 _c5502 _d5502 |
||